El Evangelio según San Mateo
Uloženo v:
| Hlavní autor: | |
|---|---|
| Médium: | Kniha |
| Jazyk: | španělština |
| Vydáno: |
Estella
Editorial Verbo Divino
2010
|
| Vydání: | 1a. ed |
| Témata: | |
| Tagy: |
Přidat tag
Žádné tagy, Buďte první, kdo vytvoří štítek k tomuto záznamu!
|
MARC
| LEADER | 00000cam a2200000 a 4500 | ||
|---|---|---|---|
| 001 | UCD7031 | ||
| 003 | CL-VaPUC | ||
| 008 | 170303e20100000sp |||||||||||||||||spa|d | ||
| 020 | |a 9788499450544 | ||
| 082 | 0 | 4 | |a 226.2 |b CAR |2 21 |
| 100 | 0 | |a Carrillo Alday, Salvador |e author |9 590977 | |
| 245 | 1 | 3 | |a El Evangelio según San Mateo |
| 250 | |a 1a. ed | ||
| 300 | |a 367 p | ||
| 942 | |c BK | ||
| 945 | |d 20170303 17:35:00 |a arojas | ||
| 260 | |a Estella |b Editorial Verbo Divino |c 2010 | ||
| 650 | 0 | |a Biblia |9 257603 | |
| 650 | 0 | |a Nuevo testamento |9 257604 | |
| 650 | 0 | |a Evangelios |9 314864 | |
| 650 | 0 | |a Evangelio de San Mateo |9 584186 | |
| 583 | |a last modification |c 20170303 17:35:00 |k Rodrigo Vera | ||
| 999 | |c 367198 |d 367196 | ||
| 952 | |0 0 |1 0 |3 erb |4 0 |6 226_200000000000000_CAR_2010 |7 0 |8 A |9 481896 |a BIBTEO |b BIBTEO |i 5362695 |l 6 |o 226.2 CAR 2010 |p 5362695 |r 2025-01-17 |s 2022-10-26 |w 2019-11-24 |y BK |z Catalogado en:20170303 |k ICR | ||